| 000 | 00462nam a2200157Ia 4500 | ||
|---|---|---|---|
| 008 | 210719s2014 xx 000 0 und d | ||
| 041 | _aeng | ||
| 082 | _a378.04 ANDL | ||
| 100 | _aANDHRA LOYOLA COLLEGE | ||
| 245 | _aLoyolite 2014: diamond jubilee celebrations | ||
| 260 |
_aAndhra Pradesh _bLoyola College., _c2014 |
||
| 300 |
_a198 _bPB |
||
| 650 | _aEducation | ||
| 650 | _aHigher Education | ||
| 906 | _a2014: ; celebrations ; diamond ; jubilee ; Loyolite | ||
| 999 |
_c215635 _d215635 |
||